Najdłuższa nazwa państwa na daną literę - Statystyki

Ogólne statystyki
  • Ten quiz został rozwiązany 320 razy
  • Średni wynik to 14 z 24
Statystyki odpowiedzi
Litera i ilość Państwo % Poprawnych
Ł I 5 Łotwa
86%
O I 4 Oman
83%
D I 26 Demokratyczna Republika Konga
77%
A I 15 Antigua i Barbuda I Arabia Saudyjska
75%
Z I 26 Zjednoczone Emiraty Arabskie
75%
I I 9 Indonezja
71%
F I 9 Finlandia
70%
V I 7 Vanuatu
70%
U I 10 Uzbekistan
65%
J I 8 Jordania
63%
H I 9 Hiszpania
62%
R I 27 Republika Środkowoafrykańska I Republika Zielonego Przylądka
58%
W I 29 Wyspy Świętego Tomasza i Książęca
57%
G I 15 Gwinea Równikowa
50%
T I 15 Trynidad i Tobago
50%
B I 18 Bośnia i Hercegowina
49%
K I 15 Korea Południowa
49%
N I 12 Nowa Zelandia
49%
L I 13 Liechtenstein
48%
C I 10 Czarnogóra
46%
M I 17 Macedonia Północna
46%
P I 15 Papua-Nowa Gwinea
46%
E I 8 Eswatini
44%
S I 22 Saint Vincent i Grenadyny
40%
Nie znaleziono quizów pasujących do podanych kryteriów
Rozkład punktacji
Procent ludzi z każdym wynikiem
Percentyl według liczby udzielonych odpowiedzi
Twoja historia wyników
Nie rozwiązałeś tego quizu